United Kingdom Free Trade Agreements - Statistics

General Stats
  • This quiz has been taken 99 times
    27 since last reset
  • The average score is 86 of 100
Answer Stats
Trade Bloc Country % Correct
European Union Denmark
100%
European Union Finland
100%
EFTA Norway
100%
European Union Sweden
100%
Andorra
95%
CPTPP Australia
95%
European Union Austria
95%
CARIFORUM Bahamas
95%
European Union Belgium
95%
European Union Bulgaria
95%
CPTPP Canada
95%
European Union Czechia
95%
CARIFORUM Dominica
95%
CARIFORUM Dominican Republic
95%
European Union Estonia
95%
European Union France
95%
European Union Germany
95%
European Union Greece
95%
European Union Hungary
95%
European Union Ireland
95%
CARIFORUM Jamaica
95%
CPTPP Japan
95%
European Union Lithuania
95%
European Union Luxembourg
95%
CPTPP Mexico
95%
CPTPP New Zealand
95%
European Union Poland
95%
European Union Portugal
95%
European Union Romania
95%
European Union Slovakia
95%
SACU South Africa
95%
European Union Spain
95%
EFTA Switzerland
95%
Albania
91%
CARIFORUM Barbados
91%
CARIFORUM Belize
91%
CPTPP Chile
91%
Colombia
91%
European Union Croatia
91%
European Union Cyprus
91%
Egypt
91%
EFTA Iceland
91%
Israel
91%
European Union Italy
91%
Kenya
91%
European Union Latvia
91%
EFTA Liechtenstein
91%
European Union Malta
91%
Monaco
91%
Morocco
91%
European Union Netherlands
91%
Nicaragua
91%
CPTPP Peru
91%
CARIFORUM Saint Kitts and Nevis
91%
CARIFORUM Saint Lucia
91%
CPTPP Singapore
91%
European Union Slovenia
91%
South Korea
91%
CARIFORUM Trinidad and Tobago
91%
Turkey
91%
CPTPP Vietnam
91%
El Salvador
86%
Georgia
86%
Guatemala
86%
CARIFORUM Guyana
86%
Honduras
86%
CPTPP Malaysia
86%
CARIFORUM Saint Vincent and the Grenadines
86%
San Marino
86%
Serbia
86%
Tunisia
86%
Costa Rica
82%
Fiji
82%
Moldova
82%
North Macedonia
82%
CARIFORUM Suriname
82%
Ukraine
82%
CARIFORUM Antigua and Barbuda
77%
Ecuador
77%
SACU Eswatini
77%
CARIFORUM Grenada
77%
SACU Lesotho
77%
Panama
77%
Jordan
73%
Lebanon
73%
SACU Mozambique
73%
SACU Namibia
73%
Zimbabwe
73%
SACU Botswana
68%
CPTPP Brunei
68%
Kosovo
68%
Ghana
64%
Madagascar
64%
Mauritius
64%
Samoa
64%
Solomon Islands
64%
Papua New Guinea
59%
Cameroon
55%
Ivory Coast
55%
Seychelles
55%
No matching quizzes found
Score Distribution
Percent of People with Each Score
Percentile by Number Answered
Your Score History
You have not taken this quiz since the last reset